SEPA - integrácia platieb v EÚ
SEPA – Single Euro Payment Area – jednotný systém realizácie retailových platieb v eurách. Stručný prehľad o legislatíve a inštitucionálnom zabezpečení projektu SEPA, ako aj o nových trendoch a nástrojoch v platobnom styku. Aj keď pôvodne SEPA mala priniesť výhody hlavne občanom a malým a stredným f...
Salvato in:
| Autore principale: | |
|---|---|
| Natura: | Capitolo di libro |
| Lingua: | slovacco |
| Soggetti: | |
| Tags: |
Nessun Tag, puoi essere il primo ad aggiungerne!!
|
MARC
| LEADER | 00000nla a2200000 4500 | ||
|---|---|---|---|
| 001 | 0194234 | ||
| 005 | 20240502073242.5 | ||
| 041 | 0 | |a slo | |
| 044 | |a SK | ||
| 245 | 1 | 0 | |a SEPA - integrácia platieb v EÚ |c Eva Jančíková |
| 520 | |a SEPA – Single Euro Payment Area – jednotný systém realizácie retailových platieb v eurách. Stručný prehľad o legislatíve a inštitucionálnom zabezpečení projektu SEPA, ako aj o nových trendoch a nástrojoch v platobnom styku. Aj keď pôvodne SEPA mala priniesť výhody hlavne občanom a malým a stredným firmám v EÚ, v súčasnosti vidíme, že práve nadnárodné korporácie budú môcť využiť výhody jednotného platobného styku. | ||
| 610 | 2 | 0 | |a euro |
| 610 | 2 | 0 | |a platby obchodné |
| 610 | 2 | 0 | |a SEPA |
| 100 | 1 | |a Jančíková, Eva, 1960- | |